|
|
|
|
| LEADER |
00000nab a2200000 a 4500 |
| 001 |
vtls000456194 |
| 003 |
SK-MaSNL |
| 005 |
20260303000013.0 |
| 008 |
160215c1992 xo 0 slo |
| 015 |
|
|
|a SNBRB19rr/mm-uuuuu
|
| 035 |
|
|
|a CL0456325
|
| 040 |
|
|
|a SNKBUCL
|b slo
|c SNKBUCL
|e AACR2
|
| 041 |
0 |
|
|a slo
|
| 044 |
|
|
|a xo
|c SK
|
| 080 |
|
|
|a 355.354-051
|2 1981
|
| 080 |
|
|
|a 929 Vavrovič, Ernest
|2 1981
|
| 100 |
1 |
|
|a Havalda, Pavel
|4 aut
|9 9294
|
| 245 |
1 |
0 |
|a Celkom obyčajný človek
|c Pavel Havalda ; Ernest Vavrovič
|
| 300 |
|
|
|b Fot. 3.
|
| 600 |
1 |
7 |
|a Vavrovič, Ernest
|d 1918-
|x profily
|2 snkbucl
|9 973542
|
| 655 |
|
7 |
|a články z novín a časopisov
|2 snkbucl
|9 267496
|
| 773 |
0 |
|
|t Bojovník
|g Roč. 37, č. 26 (1992), s. /4/-/5/
|
| 850 |
|
|
|a Slovenská národná knižnica v Martine
|a MTA001
|
| 852 |
|
|
|a SNK
|b KIS3GCP
|
| 958 |
|
|
|a BX
|
| 958 |
|
|
|a RK
|
| 992 |
|
|
|a RBX
|
| 999 |
|
|
|c 1556913
|d 1558843
|